| 000 -CABECERA |
| fixed length control field |
02138nam a22002537a 4500 |
| 003 - IDENTIFICADOR DEL NÚMERO DE CONTROL |
| control field |
AR-CdUCM |
| 008 - DATOS DE LONGITUD FIJA--INFORMACIÓN GENERAL |
| fixed length control field |
190321b ||||| |||| 00| 0 spa d |
| 040 ## - FUENTE DE LA CATALOGACIÓN |
| Agencia/entidad que catalogó originalmente la obra |
MUNICIPALIDAD PROVINCIAL DEL CUSCO |
| Entidad que transcribió la catalogación |
BIBLIOTECA MUNICIPAL DEL CUSCO |
| 082 ## - NÚMERO DE LA CLASIFICACIÓN DECIMAL DEWEY |
| No. de Clasificación |
985.008 / |
| Notacion interna |
C73 |
| 100 ## - ENTRADA PRINCIPAL--NOMBRE DE PERSONA |
| Nombre Personal |
Comisión nacional del Sesquicentenario de la Independencia del Perú |
| 245 ## - MENCIÓN DE TÍTULO |
| Título |
La Marina 1780-1822 / |
| 260 ## - PUBLICACIÓN, DISTRIBUCIÓN, ETC. |
| Lugar de publicación, distribución, etc. |
Lima : |
| Nombre de la editorial, distribuidor, etc. |
Comisión nacional del Sesquicentenario de la Independencia del Perú, |
| Fecha de publicación, distribución, etc. |
1971. |
| 300 ## - DESCRIPCIÓN FÍSICA |
| Nº de Páginas Extensión |
4 volúmenes ; |
| Dimensiones |
24 cm. |
| 440 ## - MENCIÓN DE SERIE/PUNTO DE ACCESO ADICIONAL--TÍTULO |
| Título |
Colección documental de la independencia del Perú. |
| 9 (RLIN) |
21856 |
| 505 ## - NOTA DE CONTENIDO CON FORMATO |
| Nota de contenido formateada |
Contenido: V.1 Miembros del gobierno revolucionario de la fuerza armada - Comisión nacional del sesquicentenario de la independencia del Perú - 1753-1771 construcción naval, Cartografía marítima - Cartografía general. Guía para la investigación general, 1791-1794 - Antiguo mercurio peruano - Comercio. Expedición malaspina. Biblioteca del museo naval de Madrid -- V.2 Diversos datos enviados de los buques patriotas del gobierno de Buenos Aires - Comentarios sobre la expedicion de Comodoro Brown - Movimientos de naves en el Callao - Combate cerca de las islas Chincha - Rebelión en el corsario "Chacabuco" - Ataque sufrido en el Callao el 28 de febrero de 1819 - Proclama del general San Martín a los limeños y a los habitantes de todo el Perú -- V.3 Documentos inéditos de Trujillo y Lambayeque - Medidas militares para la defensa de los puertos Malabrigo - Gobierno e intendencia de Trujillo año 1818 - El desembarco de Cochrane en Santa y sus efectos en Trujillo -- V.4 De Lardizabal al Virrey del Perú, Madrid, 3 setiembre 1814 - De san Martín a Bowles, Santiago de Chile, 22 de febrero de 1817 - De Redhead a W. Bowles. Salta, 16 de mayo 1817. |
| 650 ## - PUNTO DE ACCESO ADICIONAL DE MATERIA--TÉRMINO DE MATERIA |
| Descriptor |
Perú colecciones |
| 9 (RLIN) |
21842 |
| 650 ## - PUNTO DE ACCESO ADICIONAL DE MATERIA--TÉRMINO DE MATERIA |
| Descriptor |
Marina peruana |
| 9 (RLIN) |
22440 |
| 650 ## - PUNTO DE ACCESO ADICIONAL DE MATERIA--TÉRMINO DE MATERIA |
| Descriptor |
Independencia |
| 9 (RLIN) |
625 |
| 650 ## - PUNTO DE ACCESO ADICIONAL DE MATERIA--TÉRMINO DE MATERIA |
| Descriptor |
Construcción naval |
| 9 (RLIN) |
22441 |
| 700 ## - PUNTO DE ACCESO ADICIONAL--NOMBRE DE PERSONA |
| Nombre Personal |
Cap. de Navio AP. Elias, J. Julio (edición, prólogo y compilación) |
| 9 (RLIN) |
22442 |
| 700 ## - PUNTO DE ACCESO ADICIONAL--NOMBRE DE PERSONA |
| Nombre Personal |
Denegri Luna, Felix (edición, prólogo) |
| 9 (RLIN) |
22443 |
| 942 ## - ELEMENTOS DE PUNTO DE ACCESO ADICIONAL (KOHA) |
| Fuente de clasificación |
|
| Tipo de item |
Libros-BMC |
| 945 ## - PROCESAMIENTO DE INFORMACIÓN LOCAL (OCLC) |
| Catalogador |
davv |